[Event "Bayern 2-Mecklenburg VP 2"]
[Site "Gladenbach"]
[Date "2011.09.16"]
[Round "6.2"]
[White "Hein, Manfred"]
[Black "Nauschütz, Ernst"]
[Result "1/2-1/2"]
[WhiteElo "1916"]
[BlackElo "1844"]
[PlyCount "88"]
[EventDate "2011.??.??"]
[WhiteTeam "Bayern 2"]
[BlackTeam "Mecklenburg VP 2"]

1. d4 Nf6 2. Nf3 e6 3. g3 b6 4. Bg2 Bb7 5. O-O c5 6. e3 Be7 7. c4 O-O 8. Nc3
Ne4 9. Nxe4 Bxe4 10. Ne1 Bxg2 11. Nxg2 d5 12. dxc5 dxc4 13. cxb6 axb6 14. Bd2
b5 15. a3 Nd7 16. Bc3 Nc5 17. Qg4 Bf6 18. Rfd1 Qe7 19. Bxf6 Qxf6 20. Rab1 Rfd8
21. Qh5 Rdc8 22. Qh4 Qf5 23. Qf4 Qc2 24. Ne1 Qg6 25. Qd6 h6 26. f3 Qf5 27. e4
Qg5 28. Qd2 Qe7 29. Qd6 Qa7 30. Kg2 Rc7 31. Qe5 f6 32. Qc3 Kf7 33. Qe3 Ke7 34.
h4 Nb3 35. Qxa7 Raxa7 36. Kf2 Rd7 37. Ke3 e5 38. Nc2 Nc5 39. Nb4 Ke8 40. h5 Na4
41. Rxd7 Rxd7 42. Nd5 Nc5 43. Rc1 Nb3 44. Rf1 Nc5 1/2-1/2

[Event "Bayern 2-Mecklenburg VP 2"]
[Site "Gladenbach"]
[Date "2011.09.16"]
[Round "6.3"]
[White "Krieg, Peter"]
[Black "Anliker, Peter"]
[Result "1/2-1/2"]
[WhiteElo "1738"]
[BlackElo "1868"]
[PlyCount "32"]
[EventDate "2011.??.??"]
[WhiteTeam "Mecklenburg VP 2"]
[BlackTeam "Bayern 2"]

1. e4 c5 2. b4 cxb4 3. a3 e6 4. Bb2 d5 5. exd5 exd5 6. Bb5+ Bd7 7. Qe2+ Qe7 8.
Bxd7+ Nxd7 9. axb4 Ngf6 10. c3 Ne5 11. Kf1 Nc4 12. Bc1 Qxe2+ 13. Kxe2 Be7 14.
Nf3 O-O 15. d3 Nd6 16. Re1 Rfe8 1/2-1/2

[Event "Bayern 2-Mecklenburg VP 2"]
[Site "Gladenbach"]
[Date "2011.09.16"]
[Round "6.4"]
[White "Ganslmayer, Herbert"]
[Black "Segebarth, Bernd"]
[Result "1/2-1/2"]
[WhiteElo "1678"]
[BlackElo "1646"]
[PlyCount "61"]
[EventDate "2011.??.??"]
[WhiteTeam "Bayern 2"]
[BlackTeam "Mecklenburg VP 2"]

1. d3 e6 2. e4 d5 3. Nd2 c5 4. g3 Nc6 5. Bg2 Nf6 6. Ngf3 Be7 7. O-O O-O 8. a4
b6 9. Re1 Bb7 10. exd5 Nxd5 11. Nf1 Bf6 12. Ne3 Nxe3 13. fxe3 Qd7 14. Qe2 Ne5
15. Nxe5 Bxe5 16. Bxb7 Qxb7 17. c3 Bf6 18. d4 Qe4 19. Qg2 Qxg2+ 20. Kxg2 cxd4
21. exd4 Rfd8 22. Bf4 Rd5 23. Re2 Rad8 24. Rae1 g6 25. Be5 Bxe5 26. Rxe5 Kf8
27. Kf3 Ke7 28. Rxd5 Rxd5 29. Re5 Kd6 30. Ke4 f6 31. Rxd5+ 1/2-1/2

[Event "Württemberg 1-Hessen 1"]
[Site "Gladenbach"]
[Date "2011.09.17"]
[Round "7.1"]
[White "Donchenko, Anatoly"]
[Black "Frick, Christoph"]
[Result "1-0"]
[WhiteElo "2329"]
[BlackElo "2205"]
[PlyCount "95"]
[EventDate "2011.??.??"]
[WhiteTeam "Hessen 1"]
[BlackTeam "Württemberg 1"]

1. d4 g6 2. Nf3 Bg7 3. g3 d6 4. Bg2 Nf6 5. O-O O-O 6. b3 e5 7. dxe5 Ng4 8. Bb2
Nc6 9. Qc1 dxe5 10. h3 Nh6 11. Rd1 Bd7 12. Na3 Qe7 13. Nc4 e4 14. Nfe5 Rfd8 15.
Nxd7 Rxd7 16. Rxd7 Qxd7 17. Bxg7 Kxg7 18. Qb2+ f6 19. Ne3 Qe6 20. Rd1 Nf5 21.
Nxf5+ Qxf5 22. Qc3 Re8 23. a3 Re7 24. b4 g5 25. g4 Qe6 26. b5 Ne5 27. Rd4 Qa2
28. Bxe4 Qb1+ 29. Kg2 Qxb5 30. Qb4 Qxb4 31. axb4 b6 32. e3 c5 33. bxc5 bxc5 34.
Ra4 Rc7 35. f4 Nd7 36. Ra6 Nb6 37. Kf3 h6 38. Bd3 Kf7 39. Kg3 Ke7 40. h4 Nd5
41. fxg5 fxg5 42. Rxh6 gxh4+ 43. Kf3 c4 44. Bf5 a5 45. Rxh4 Nb4 46. Rh6 a4 47.
Rb6 a3 48. Rxb4 1-0

[Event "Württemberg 1-Hessen 1"]
[Site "Gladenbach"]
[Date "2011.09.17"]
[Round "7.2"]
[White "Rapp, Uwe"]
[Black "Klundt, Klaus"]
[Result "0-1"]
[WhiteElo "2080"]
[BlackElo "2356"]
[PlyCount "66"]
[EventDate "2011.??.??"]
[WhiteTeam "Württemberg 1"]
[BlackTeam "Hessen 1"]

1. b3 Nf6 2. Bb2 g6 3. Nf3 Bg7 4. g3 O-O 5. Bg2 c5 6. O-O Nc6 7. d3 d6 8. Nbd2
e5 9. e4 h6 10. Ne1 d5 11. h3 Be6 12. Rb1 Qd7 13. Kh2 Rad8 14. f3 h5 15. Qe2 h4
16. g4 Nd4 17. Qe3 Nh7 18. c3 Nc6 19. Qxc5 Bh6 20. Rd1 Bf4+ 21. Kh1 d4 22. cxd4
exd4 23. Qc2 Nb4 24. Qb1 g5 25. a3 Nc6 26. b4 Ne5 27. Bc1 Ng6 28. Nb3 Qa4 29.
Nc5 Qxd1 30. Nc2 Qe2 31. e5 Bxc1 32. Re1 Qd2 33. Rxc1 Nf4 0-1

[Event "Württemberg 1-Hessen 1"]
[Site "Gladenbach"]
[Date "2011.09.17"]
[Round "7.3"]
[White "Haakert, Jürgen"]
[Black "Weisenburger, Horst"]
[Result "1-0"]
[WhiteElo "2319"]
[BlackElo "2063"]
[PlyCount "75"]
[EventDate "2011.??.??"]
[WhiteTeam "Hessen 1"]
[BlackTeam "Württemberg 1"]

1. g3 f5 2. Bg2 g6 3. d3 d6 4. e4 Nc6 5. Ne2 Nf6 6. c4 Bg7 7. Nbc3 O-O 8. O-O
e5 9. Rb1 a5 10. h3 Be6 11. Nd5 Qd7 12. Kh2 Rf7 13. exf5 gxf5 14. f4 Bxd5 15.
cxd5 Ne7 16. Qb3 b5 17. fxe5 a4 18. Qc2 dxe5 19. d6 Ned5 20. dxc7 Rc8 21. Bg5
Rxc7 22. Qd2 Ne8 23. Rbc1 Qd6 24. Bf3 h6 25. Bh4 Ndf6 26. Qe3 h5 27. a3 Bh6 28.
Bg5 f4 29. gxf4 Bxg5 30. fxg5 e4+ 31. Nf4 Nd5 32. Qxe4 Nxf4 33. Qxe8+ Rf8 34.
Rc6 Rxe8 35. Rxd6 h4 36. Rf2 Re3 37. Rd4 Rf7 38. Rxf4 1-0

[Event "Württemberg 1-Hessen 1"]
[Site "Gladenbach"]
[Date "2011.09.17"]
[Round "7.4"]
[White "Gerstenberger, Heinz"]
[Black "Haubt, Georg"]
[Result "1/2-1/2"]
[WhiteElo "2055"]
[BlackElo "2147"]
[PlyCount "120"]
[EventDate "2011.??.??"]
[WhiteTeam "Württemberg 1"]
[BlackTeam "Hessen 1"]

1. b3 e5 2. Bb2 d6 3. e3 Nf6 4. c4 Be7 5. g3 Bg4 6. Qc2 Qd7 7. Bg2 Nc6 8. Nc3
Bf5 9. e4 Nd4 10. Qd1 Bg4 11. f3 Bh5 12. Nce2 Ne6 13. Bh3 Qc6 14. d4 Nxd4 15.
Nxd4 exd4 16. Qxd4 Rg8 17. O-O-O Qb6 18. Qxb6 axb6 19. a4 Nd7 20. Bxd7+ Kxd7
21. g4 Bg6 22. h4 f6 23. Ne2 c6 24. Nd4 h5 25. gxh5 Bxh5 26. Rd3 Bg6 27. Ne2
Kc7 28. Ng3 Rh8 29. h5 Bf7 30. Nf5 Bf8 31. Ng3 Ra5 32. h6 Rg5 33. Nf5 Be6 34.
Rhd1 Bxf5 35. hxg7 Bxg7 36. exf5 Rd8 37. Rh1 Rxf5 38. Rh7 Rd7 39. Kc2 Rg5 40.
b4 Rg2+ 41. Kb3 f5 42. Bc1 Be5 43. Rxd7+ Kxd7 44. f4 Bg7 45. Be3 Kc7 46. Bc1
Rg4 47. Rh3 Kd7 48. Kc2 d5 49. cxd5 cxd5 50. Kd3 Kc6 51. Rh5 Rg3+ 52. Ke2 Rg2+
53. Kd3 b5 54. axb5+ Kxb5 55. Rxf5 Rg3+ 56. Ke2 Kc4 57. Rg5 Rxg5 58. fxg5 d4
59. Bd2 Be5 60. g6 Bg7 1/2-1/2

[Event "Baden 1-NRW 1"]
[Site "Gladenbach"]
[Date "2011.09.17"]
[Round "7.1"]
[White "Khanukov, Boris"]
[Black "Nekrasov, Michail"]
[Result "0-1"]
[WhiteElo "2222"]
[BlackElo "2280"]
[PlyCount "80"]
[EventDate "2011.??.??"]
[WhiteTeam "NRW 1"]
[BlackTeam "Baden 1"]

1. Nf3 d5 2. d4 Nf6 3. g3 c6 4. Bg2 Bf5 5. O-O h6 6. b3 e6 7. Bb2 Nbd7 8. c4
Be7 9. Nbd2 Ne4 10. Ne1 Nxd2 11. Qxd2 O-O 12. Nd3 a5 13. a4 Qb6 14. Qc3 Bf6 15.
c5 Qa6 16. Rfd1 b6 17. cxb6 Qxb6 18. Ne5 Nxe5 19. dxe5 Be7 20. Rdc1 Rfc8 21.
Ba3 Bxa3 22. Rxa3 c5 23. e3 Qb4 24. Qa1 Bd3 25. Rc3 Ba6 26. Ra2 d4 27. Rc1 Rab8
28. exd4 cxd4 29. Rd1 Rc3 30. Rb2 d3 31. Bf1 Rxb3 32. Rbd2 Rd8 33. h4 h5 34. f4
g6 35. Kh2 Rd7 36. Kh3 Ra3 37. Ra2 Rxa2 38. Qxa2 Bc4 39. Qa1 Bb3 40. Rxd3 Qe4
0-1

[Event "Baden 1-NRW 1"]
[Site "Gladenbach"]
[Date "2011.09.17"]
[Round "7.2"]
[White "Schulze, Ulrich"]
[Black "Rotstein, Jefim"]
[Result "1/2-1/2"]
[WhiteElo "2210"]
[BlackElo "2263"]
[PlyCount "55"]
[EventDate "2011.??.??"]
[WhiteTeam "Baden 1"]
[BlackTeam "NRW 1"]

1. d4 Nf6 2. Nf3 c5 3. c4 e6 4. Nc3 b6 5. g3 cxd4 6. Qxd4 Nc6 7. Qf4 d5 8. Bg2
Bd6 9. Qh4 Bb7 10. O-O Be7 11. Bg5 dxc4 12. Rfd1 Qc8 13. Nb5 a6 14. Nd6+ Bxd6
15. Rxd6 Qc7 16. Rdd1 Qe7 17. Qxc4 O-O 18. Qc3 Rfd8 19. Qe3 b5 20. Qb6 Nb4 21.
Bxf6 gxf6 22. a3 Nd5 23. Qd4 Rac8 24. Rac1 f5 25. Qa7 Ra8 26. Qd4 Rac8 27. Qa7
Ra8 28. Qd4 1/2-1/2

[Event "Baden 1-NRW 1"]
[Site "Gladenbach"]
[Date "2011.09.17"]
[Round "7.3"]
[White "Rosen, Willy"]
[Black "Biebinger, Gerhard"]
[Result "1-0"]
[WhiteElo "2222"]
[BlackElo "2195"]
[PlyCount "49"]
[EventDate "2011.??.??"]
[WhiteTeam "NRW 1"]
[BlackTeam "Baden 1"]

1. e4 e6 2. d4 d5 3. Nc3 Bb4 4. a3 Bxc3+ 5. bxc3 dxe4 6. Qg4 Nf6 7. Qxg7 Rg8 8.
Qh6 Nbd7 9. a4 c5 10. a5 Rg6 11. Qd2 Nd5 12. c4 Nb4 13. Ne2 e5 14. dxc5 e3 15.
Qxb4 exf2+ 16. Kxf2 Qh4+ 17. Kg1 Nf6 18. Bd2 Qe4 19. Qc3 Be6 20. Ng3 Qd4+ 21.
Qxd4 exd4 22. Bd3 Rg8 23. Ne4 Nxe4 24. Bxe4 O-O-O 25. h3 1-0

[Event "Baden 1-NRW 1"]
[Site "Gladenbach"]
[Date "2011.09.17"]
[Round "7.4"]
[White "Gierth, Hans-Joachim"]
[Black "Schippan, Bernhard"]
[Result "1/2-1/2"]
[WhiteElo "2226"]
[BlackElo "2212"]
[PlyCount "76"]
[EventDate "2011.??.??"]
[WhiteTeam "Baden 1"]
[BlackTeam "NRW 1"]

1. d4 Nf6 2. Bf4 g6 3. e3 Bg7 4. Nf3 O-O 5. Be2 d6 6. h3 c5 7. c3 Nc6 8. O-O b6
9. Nbd2 Bb7 10. a3 Rc8 11. Re1 Re8 12. dxc5 bxc5 13. Bc4 Na5 14. Bb5 Bc6 15.
Ba6 Bb7 16. Bxb7 Nxb7 17. e4 e5 18. Bg5 c4 19. Qa4 Qa5 20. Qb4 Qa6 21. a4 Na5
22. Qb5 Rc6 23. Reb1 Nd7 24. Be3 Rb8 25. Qxa6 Rxa6 26. Ne1 Nc5 27. Bxc5 dxc5
28. Nc2 Bh6 29. Nf1 Rd6 30. Nce3 Bxe3 31. Nxe3 Rd2 32. Rd1 Rbxb2 33. Rxd2 Rxd2
34. Rb1 Ra2 35. Rb8+ Kg7 36. Ra8 Rxa4 37. Rxa7 Ra1+ 38. Kh2 Nb3 1/2-1/2

[Event "Niedersachsen 1-Bayern 1"]
[Site "Gladenbach"]
[Date "2011.09.17"]
[Round "7.1"]
[White "Göhring, Karl-Heinz"]
[Black "Clemens, Christian"]
[Result "1/2-1/2"]
[WhiteElo "2243"]
[BlackElo "2241"]
[PlyCount "24"]
[EventDate "2011.??.??"]
[WhiteTeam "Bayern 1"]
[BlackTeam "Niedersachsen 1"]

1. d4 f5 2. Nc3 d5 3. Nf3 Nf6 4. Bf4 a6 5. e3 e6 6. Bd3 c5 7. dxc5 Bxc5 8. O-O
O-O 9. Ne2 Nc6 10. c4 Qe7 11. cxd5 Nxd5 12. Bg5 Nf6 1/2-1/2

[Event "Niedersachsen 1-Bayern 1"]
[Site "Gladenbach"]
[Date "2011.09.17"]
[Round "7.2"]
[White "Dornieden, Manfred"]
[Black "Röder, Gerd"]
[Result "1/2-1/2"]
[WhiteElo "2092"]
[BlackElo "2095"]
[PlyCount "189"]
[EventDate "2011.??.??"]
[WhiteTeam "Niedersachsen 1"]
[BlackTeam "Bayern 1"]

1. Nf3 d5 2. b3 f6 3. d4 Bg4 4. Bb2 e6 5. e3 Nd7 6. Be2 f5 7. O-O Ngf6 8. Nbd2
Be7 9. Ng5 Bxe2 10. Qxe2 Nf8 11. Qb5+ N6d7 12. Ngf3 Qb8 13. c4 c6 14. Qa5 Ng6
15. Ba3 O-O 16. Bxe7 Nxe7 17. Qa3 Qe8 18. Qd6 Rf6 19. Ne5 Nxe5 20. dxe5 Nc8 21.
Qb4 Rf7 22. Nf3 Nb6 23. Rac1 dxc4 24. bxc4 Rd8 25. Rfd1 Rfd7 26. Rd4 Qf8 27.
Qa5 c5 28. Rxd7 Rxd7 29. h3 Nc8 30. Qa4 Qe8 31. Ng5 Qe7 32. f4 h6 33. Nf3 Qd8
34. Kh2 Kf7 35. Qc2 Ne7 36. Qa4 Nc6 37. Qb5 Qa5 38. Qb1 Nb4 39. Rd1 Qd8 40. Rd6
Rxd6 41. exd6 Qxd6 42. Ne5+ Kg8 43. e4 Nc6 44. exf5 Nxe5 45. fxe5 Qxe5+ 46. Kh1
Qxf5 47. Qxb7 Qf1+ 48. Kh2 Qxc4 49. Qxa7 Qf4+ 50. Kh1 c4 51. Qc5 Qf1+ 52. Kh2
Qd3 53. a4 c3 54. a5 c2 55. a6 Qe4 56. Qc7 e5 57. Qd8+ Kh7 58. Qd2 Qc4 59. a7
c1=Q 60. Qxc1 Qxc1 61. a8=Q Qf4+ 62. Kg1 e4 63. Qd5 Qe3+ 64. Kh2 Qf4+ 65. Kg1
e3 66. Qd3+ Kg8 67. Qd8+ Kf7 68. Qd7+ Kf6 69. Qd8+ Kg6 70. Qe8+ Kh7 71. Qe6 h5
72. Qe8 g6 73. Qe7+ Kh6 74. h4 Qf2+ 75. Kh2 Qf4+ 76. Kg1 Qf2+ 77. Kh2 Qf4+ 78.
Kg1 Qd4 79. Qf8+ Kh7 80. Qf7+ Qg7 81. Qe6 Qa1+ 82. Kh2 Qd4 83. Qe7+ Kg8 84.
Qe8+ Kg7 85. Qe7+ Kg8 86. Qe8+ Kh7 87. Qf7+ Qg7 88. Qe8 Qc7+ 89. Kh1 Qf4 90.
Qe7+ Kh6 91. Kg1 Qf2+ 92. Kh2 Qf4+ 93. Kg1 Qf2+ 94. Kh2 Qf4+ 95. Kg1 1/2-1/2

[Event "Niedersachsen 1-Bayern 1"]
[Site "Gladenbach"]
[Date "2011.09.17"]
[Round "7.3"]
[White "Röder, Frank"]
[Black "Ljubarskij, Juri"]
[Result "1/2-1/2"]
[WhiteElo "2104"]
[BlackElo "2133"]
[PlyCount "102"]
[EventDate "2011.??.??"]
[WhiteTeam "Bayern 1"]
[BlackTeam "Niedersachsen 1"]

1. e4 e5 2. Nc3 Nc6 3. Bc4 Nf6 4. d3 Na5 5. Nge2 Nxc4 6. dxc4 Be7 7. O-O O-O 8.
Ng3 d6 9. Qd3 Be6 10. Be3 c6 11. Rad1 Qc7 12. Nf5 Bxf5 13. exf5 Rad8 14. Bg5
Ne8 15. Bxe7 Qxe7 16. Qe3 a6 17. f4 f6 18. Rd2 b5 19. Qb6 Qd7 20. fxe5 fxe5 21.
Qxa6 Nc7 22. Qa7 bxc4 23. Ne4 Ra8 24. Qb7 Rab8 25. Rxd6 Qxd6 26. Nxd6 Rxb7 27.
Nxb7 Rb8 28. Na5 Rxb2 29. Nxc4 Rxa2 30. c3 Nd5 31. Nxe5 Re2 32. Nxc6 Ne3 33.
Rf3 Rxg2+ 34. Kh1 Re2 35. h3 Kf7 36. Ne5+ Ke7 37. Ng4 Nxg4 38. hxg4 Kf6 39. Rf4
Rc2 40. Rc4 Kg5 41. Kg1 Ra2 42. Rd4 Ra3 43. Rc4 Ra2 44. Rc7 Kxg4 45. Rxg7+ Kxf5
46. Rxh7 Ke4 47. Rh3 Kd5 48. Kf1 Kc4 49. Ke1 Rc2 50. Kd1 Rxc3 51. Rxc3+ Kxc3
1/2-1/2

[Event "Niedersachsen 1-Bayern 1"]
[Site "Gladenbach"]
[Date "2011.09.17"]
[Round "7.4"]
[White "Adibekian, Roubik"]
[Black "Oechslein, Rainer"]
[Result "0-1"]
[WhiteElo "2051"]
[BlackElo "2110"]
[PlyCount "82"]
[EventDate "2011.??.??"]
[WhiteTeam "Niedersachsen 1"]
[BlackTeam "Bayern 1"]

1. d4 Nf6 2. Nf3 g6 3. c4 Bg7 4. Nc3 O-O 5. g3 c5 6. d5 d6 7. Bg2 e5 8. O-O Na6
9. h3 Bd7 10. e4 Nc7 11. a4 b6 12. Be3 a6 13. Ne1 b5 14. b3 Nfe8 15. Qd2 f5 16.
Bg5 Bf6 17. Bxf6 Nxf6 18. exf5 gxf5 19. axb5 axb5 20. Nc2 b4 21. Qg5+ Kh8 22.
Ne2 Qe7 23. Qe3 Rxa1 24. Rxa1 Ra8 25. Rxa8+ Nxa8 26. Qg5 Nc7 27. Ne3 Nfxd5 28.
Qh6 Nf6 29. Nf1 Ne6 30. Qd2 Nd4 31. Nxd4 exd4 32. Kh2 Ne4 33. Qa2 Kg7 34. f4
Bc6 35. Qe2 Qe8 36. Qc2 Kf6 37. g4 h6 38. Nd2 Nxd2 39. Qxd2 Qe3 40. Qa2 Qxf4+
41. Kg1 Qg3 0-1

[Event "Berlin 2-Brandenburg"]
[Site "Gladenbach"]
[Date "2011.09.17"]
[Round "7.1"]
[White "Walter, Günter"]
[Black "Welz, Peter"]
[Result "1/2-1/2"]
[WhiteElo "2185"]
[BlackElo "2036"]
[PlyCount "114"]
[EventDate "2011.??.??"]
[WhiteTeam "Brandenburg"]
[BlackTeam "Berlin 2"]

1. e4 e6 2. d4 d5 3. Nc3 Bb4 4. e5 c5 5. Bd2 Bxc3 6. Bxc3 cxd4 7. Bxd4 Nc6 8.
Nf3 Nge7 9. c3 Bd7 10. Bd3 Nxd4 11. cxd4 Qa5+ 12. Qd2 Qxd2+ 13. Kxd2 O-O 14.
Rhc1 Rac8 15. Rxc8 Rxc8 16. b4 Nc6 17. a3 f6 18. Rc1 h6 19. Bb5 Kf7 20. Bxc6
Rxc6 21. Rxc6 Bxc6 22. Ke3 Ba4 23. Ne1 Bb5 24. f4 Kg6 25. Kf3 b6 26. g3 Ba4 27.
Nd3 Bb5 28. Nf2 Ba4 29. h4 h5 30. Ke3 a5 31. bxa5 bxa5 32. Nd3 Kf5 33. Nc5 Be8
34. Nb7 Kg4 35. Kf2 a4 36. Nc5 Kf5 37. Kf3 Bc6 38. Ke3 Be8 39. Nb7 Kg4 40. Kf2
Bb5 41. Kg2 Be8 42. Nc5 Kf5 43. Kf3 Bb5 44. Nb7 Bd3 45. Nd6+ Kg6 46. Ke3 Bc2
47. Kd2 Bb1 48. Kc3 fxe5 49. fxe5 Kh7 50. Kb4 Bc2 51. Kb5 g5 52. Kc6 gxh4 53.
gxh4 Bd1 54. Kd7 Bg4 55. Ke7 Kg6 56. Kf8 Bh3 57. Ke7 Bg4 1/2-1/2

[Event "Berlin 2-Brandenburg"]
[Site "Gladenbach"]
[Date "2011.09.17"]
[Round "7.2"]
[White "Burger, Heinrich"]
[Black "Grottke, Hans-Joachim"]
[Result "1/2-1/2"]
[WhiteElo "2014"]
[BlackElo "2178"]
[PlyCount "22"]
[EventDate "2011.??.??"]
[WhiteTeam "Berlin 2"]
[BlackTeam "Brandenburg"]

1. Nf3 d5 2. g3 Nf6 3. Bg2 c6 4. O-O e6 5. d4 Bd6 6. Nbd2 Nbd7 7. c4 b6 8. Qc2
Bb7 9. e4 dxe4 10. Nxe4 Nxe4 11. Qxe4 Nf6 1/2-1/2

[Event "Berlin 2-Brandenburg"]
[Site "Gladenbach"]
[Date "2011.09.17"]
[Round "7.3"]
[White "Tröger, Rainer"]
[Black "Krug, Peter"]
[Result "1/2-1/2"]
[WhiteElo "2060"]
[BlackElo "2056"]
[PlyCount "40"]
[EventDate "2011.??.??"]
[WhiteTeam "Brandenburg"]
[BlackTeam "Berlin 2"]

1. c4 Nf6 2. g3 g6 3. Bg2 Bg7 4. Nc3 O-O 5. e3 d6 6. Nge2 c6 7. d4 Nbd7 8. O-O
e5 9. Qc2 Re8 10. Rd1 exd4 11. Nxd4 Qa5 12. Nf3 Ne5 13. Nxe5 dxe5 14. a3 Bg4
15. f3 Bf5 16. Qe2 e4 17. Nxe4 Nxe4 18. fxe4 Bxe4 19. Bxe4 Rxe4 20. Rd7 Qc5
1/2-1/2

[Event "Berlin 2-Brandenburg"]
[Site "Gladenbach"]
[Date "2011.09.17"]
[Round "7.4"]
[White "Badestein, Hartmut"]
[Black "Rödel, Egmar"]
[Result "1/2-1/2"]
[WhiteElo "1988"]
[BlackElo "1908"]
[PlyCount "30"]
[EventDate "2011.??.??"]
[WhiteTeam "Berlin 2"]
[BlackTeam "Brandenburg"]

1. e4 c5 2. Nc3 e6 3. Nf3 Nc6 4. d4 cxd4 5. Nxd4 Nf6 6. Ndb5 Bb4 7. a3 Bxc3+ 8.
Nxc3 d5 9. exd5 exd5 10. Bd3 O-O 11. O-O d4 12. Ne4 Bf5 13. Bg5 Bxe4 14. Bxe4
Qd6 15. Bxf6 Qxf6 1/2-1/2

[Event "Berlin 1-Hamburg"]
[Site "Gladenbach"]
[Date "2011.09.17"]
[Round "7.1"]
[White "Hess, Christian"]
[Black "Postler, Reinhard"]
[Result "1/2-1/2"]
[WhiteElo "2179"]
[BlackElo "2308"]
[PlyCount "50"]
[EventDate "2011.??.??"]
[WhiteTeam "Hamburg"]
[BlackTeam "Berlin 1"]

1. c4 c6 2. e4 d5 3. cxd5 cxd5 4. exd5 Nf6 5. Nc3 Nxd5 6. Nf3 e6 7. Bc4 Nc6 8.
O-O Be7 9. d4 O-O 10. Re1 a6 11. Bd3 Nf6 12. Bg5 Bd7 13. a3 Re8 14. Qe2 g6 15.
Rad1 Nd5 16. Bd2 Nxc3 17. Bxc3 Bf6 18. Be4 Qb8 19. Ne5 Bxe5 20. dxe5 Rd8 21.
Qf3 Be8 22. Qf6 Rxd1 23. Rxd1 Qc7 24. h4 Rd8 25. Rxd8 Qxd8 1/2-1/2

[Event "Berlin 1-Hamburg"]
[Site "Gladenbach"]
[Date "2011.09.17"]
[Round "7.2"]
[White "Thormann, Wolfgang"]
[Black "Jacoby, Gisbert"]
[Result "1/2-1/2"]
[WhiteElo "2203"]
[BlackElo "2091"]
[PlyCount "30"]
[EventDate "2011.??.??"]
[WhiteTeam "Berlin 1"]
[BlackTeam "Hamburg"]

1. e4 c5 2. Nc3 Nc6 3. f4 g6 4. Nf3 Bg7 5. Bb5 Nd4 6. O-O Nxb5 7. Nxb5 d5 8. e5
a6 9. Nc3 d4 10. Ne4 Qd5 11. d3 Nh6 12. Qe1 O-O 13. a4 Bf5 14. h3 f6 15. Ng3
Bd7 1/2-1/2

[Event "Berlin 1-Hamburg"]
[Site "Gladenbach"]
[Date "2011.09.17"]
[Round "7.3"]
[White "Engelbert, Christoph"]
[Black "Brameyer, Hermann"]
[Result "1/2-1/2"]
[WhiteElo "2090"]
[BlackElo "2109"]
[PlyCount "104"]
[EventDate "2011.??.??"]
[WhiteTeam "Hamburg"]
[BlackTeam "Berlin 1"]

1. e4 c5 2. c3 d5 3. exd5 Qxd5 4. d4 Nf6 5. Nf3 Nc6 6. Be3 cxd4 7. cxd4 e6 8.
Bd3 Be7 9. O-O O-O 10. Nc3 Qd8 11. a3 b6 12. Rc1 Bb7 13. Bb1 Rc8 14. b4 Nd5 15.
Qd3 g6 16. Ba2 Nxc3 17. Rxc3 Bf6 18. b5 Ne7 19. Rxc8 Nxc8 20. Rc1 Ne7 21. Bf4
Bd5 22. Bxd5 Nxd5 23. Bh6 Re8 24. Ne5 Ne7 25. Qf3 Nf5 26. Be3 Bxe5 27. dxe5 Qd3
28. Qd1 Qxd1+ 29. Rxd1 Nxe3 30. fxe3 Re7 31. Kf2 Rc7 32. Rd8+ Kg7 33. Ra8 g5
34. h3 h5 35. Kf3 g4+ 36. hxg4 hxg4+ 37. Kg3 Rc5 38. a4 Rxe5 39. Kf4 Rc5 40.
Rxa7 Rc4+ 41. Kg3 Kg6 42. Ra6 Kf5 43. a5 bxa5 44. Rxa5 e5 45. Ra1 Rb4 46. Rf1+
Ke4 47. Kxg4 Rxb5 48. Rxf7 Kxe3 49. Ra7 Rb3 50. Kh5 e4 51. g4 Rb5+ 52. g5 Kf2
1/2-1/2

[Event "Berlin 1-Hamburg"]
[Site "Gladenbach"]
[Date "2011.09.17"]
[Round "7.4"]
[White "Sprotte, Norbert"]
[Black "Horn, Peter"]
[Result "1/2-1/2"]
[WhiteElo "2146"]
[BlackElo "2096"]
[PlyCount "37"]
[EventDate "2011.??.??"]
[WhiteTeam "Berlin 1"]
[BlackTeam "Hamburg"]

1. d4 Nf6 2. Nf3 g6 3. Nc3 d5 4. Bf4 Bg7 5. Qd2 Ne4 6. Nxe4 dxe4 7. Ne5 Be6 8.
e3 Nd7 9. Nxd7 Qxd7 10. Be2 O-O 11. c4 f5 12. Qc2 c6 13. O-O-O b5 14. Kb1 bxc4
15. Bxc4 Bd5 16. Bxd5+ cxd5 17. Rc1 Rfc8 18. Qb3 Kf7 19. Rxc8 1/2-1/2

[Event "NRW 2-Schleswig Holstein 1"]
[Site "Gladenbach"]
[Date "2011.09.17"]
[Round "7.1"]
[White "Salov, Sergej"]
[Black "Maslak, Sulejman"]
[Result "1-0"]
[WhiteElo "2221"]
[BlackElo "2240"]
[PlyCount "129"]
[EventDate "2011.??.??"]
[WhiteTeam "Schleswig Holstein 1"]
[BlackTeam "NRW 2"]

1. e4 e6 2. d4 d5 3. Nd2 Nf6 4. e5 Nfd7 5. f4 c5 6. c3 Nc6 7. Ndf3 cxd4 8. cxd4
Bb4+ 9. Kf2 O-O 10. g3 f6 11. Kg2 Ne7 12. Bd3 Ba5 13. Qc2 f5 14. Ne2 Nb8 15. a3
Nbc6 16. Be3 Bd7 17. b4 Bb6 18. Nc3 Qe8 19. h3 h6 20. Qf2 Ng6 21. Be2 Nd8 22.
Nd2 Nf7 23. a4 a5 24. b5 Rc8 25. Rhc1 Ne7 26. Nb3 Bd8 27. Nc5 b6 28. Na6 Kh7
29. Bd3 g5 30. Ne2 Ng6 31. Kh2 Kg7 32. Qg1 Rh8 33. Rxc8 Bxc8 34. Qc1 gxf4 35.
Nxf4 Nxf4 36. gxf4 Bd7 37. Qc2 Rg8 38. Rg1+ Kh8 39. Rxg8+ Qxg8 40. Bf2 Kh7 41.
Nb8 Qe8 42. Be2 Nh8 43. Nc6 Bxc6 44. Qxc6 Qg6 45. Qd7+ Nf7 46. Bf3 Kg7 47. Bxd5
exd5 48. e6 Bf6 49. exf7 Qxf7 50. Qxf5 Qc7 51. h4 Qc4 52. h5 Bxd4 53. Qg6+ Kh8
54. Qxh6+ Kg8 55. Qg6+ Kh8 56. Qh6+ Kg8 57. Qg6+ Kf8 58. Qf5+ Kg8 59. Bxd4 Qxd4
60. h6 Qf2+ 61. Kh3 Qe3+ 62. Kg4 Qe2+ 63. Kh4 Qe1+ 64. Kg5 Qe8 65. Qg6+ 1-0

[Event "NRW 2-Schleswig Holstein 1"]
[Site "Gladenbach"]
[Date "2011.09.17"]
[Round "7.2"]
[White "Bachmann, Karlheinz"]
[Black "Böttcher, Ulrich"]
[Result "1-0"]
[WhiteElo "2210"]
[BlackElo "2007"]
[PlyCount "73"]
[EventDate "2011.??.??"]
[WhiteTeam "NRW 2"]
[BlackTeam "Schleswig Holstein 1"]

1. c4 e5 2. Nc3 Nc6 3. g3 f5 4. Bg2 g6 5. d3 Bg7 6. e3 Nf6 7. Nge2 d6 8. Rb1
O-O 9. b4 Ne7 10. f4 Re8 11. O-O exf4 12. Nxf4 Ng4 13. d4 c6 14. Bd2 c5 15.
dxc5 dxc5 16. Ncd5 cxb4 17. Rxb4 Nxd5 18. Nxd5 Qd6 19. Rb3 a5 20. Nb6 a4 21.
Nxc8 Raxc8 22. Bd5+ Kh8 23. Rxb7 Nxe3 24. Bxe3 Rxe3 25. Qxa4 Bd4 26. Kh1 Re7
27. Rxe7 Qxe7 28. Qd1 Qc5 29. Qe2 Rb8 30. Re1 Rb2 31. Qe8+ Kg7 32. Qd7+ Kh6 33.
Re7 Rb1+ 34. Kg2 Rb2+ 35. Kh3 Bg1 36. Rxh7+ Kg5 37. Qd8+ 1-0

[Event "NRW 2-Schleswig Holstein 1"]
[Site "Gladenbach"]
[Date "2011.09.17"]
[Round "7.3"]
[White "Seeck, Klaus"]
[Black "Bogorad, Michail"]
[Result "0-1"]
[WhiteElo "1916"]
[BlackElo "2026"]
[PlyCount "112"]
[EventDate "2011.??.??"]
[WhiteTeam "Schleswig Holstein 1"]
[BlackTeam "NRW 2"]

1. d4 c5 2. d5 d6 3. c4 e6 4. Nc3 exd5 5. cxd5 g6 6. e4 Bg7 7. f4 a6 8. Nf3 Bg4
9. h3 Bxf3 10. Qxf3 Nd7 11. a4 Ngf6 12. Bd3 O-O 13. O-O Re8 14. Kh1 Rc8 15. Bd2
Qc7 16. Bc2 Qb8 17. Rae1 b5 18. axb5 axb5 19. g4 b4 20. Ne2 Nb6 21. Ng3 Nfd7
22. e5 Nc4 23. Bc1 dxe5 24. b3 Nd6 25. f5 c4 26. Ne4 Rf8 27. f6 Bh8 28. g5 Nxe4
29. Bxe4 cxb3 30. Bb2 Nc5 31. Bb1 Rfe8 32. Qg3 Qb5 33. Rf2 e4 34. d6 Qc6 35.
Re3 Re6 36. Rd2 Rd8 37. d7 h6 38. h4 Nd3 39. Bxd3 exd3+ 40. Kh2 Rxe3 41. Qxe3
Qxd7 42. Qf4 hxg5 43. hxg5 Qd5 44. Kg3 Re8 45. Rg2 Qe6 46. Rd2 Qe1+ 47. Qf2 Qe4
48. Qd4 Qf5 49. Qf4 Qxf4+ 50. Kxf4 Re2 51. Rxd3 Rxb2 52. Rd8+ Kh7 53. Rb8 Rf2+
54. Kg4 Bxf6 55. gxf6 Rxf6 56. Rxb4 Kg7 0-1